MARC

LEADER 00000nam0a2200000 4500
001 678823
005 20250225115429.0
090 |a 678823 
100 |a 20250225d1978 k||y0rusy50 ca 
101 0 |a rus 
102 |a RU 
105 |a a z 001yy 
181 0 |a i   |b  e  
182 0 |a n 
183 0 |a nc  |2 RDAcarrier 
200 1 |a Разработка рудных месторождений  |e сборник научных трудов  |f отв. ред. Е. П. Рябченко  |g Институт горного дела СО АН СССР 
203 |a Текст  |b визуальный  |c непосредственный 
210 |a Новосибирск  |c [б. и.]  |d 1978 
215 |a 124 с.  |c ил. 
283 |a volume  |2 RDAcarrier 
320 |a Литература в конце глав 
606 1 |a Рудные месторождения  |x Системы разработки  |x Расчет  |9 50018 
610 1 |a пологопадающие залежи 
610 1 |a виброленты 
610 1 |a рудные зоны 
610 1 |a цементация 
610 1 |a рудники 
610 1 |a отбитая руда 
675 |a 622.34:622.27  |v 4 
702 1 |4 340  |a Рябченко  |b Е. П. 
712 0 2 |a Академия наук СССР  |b Сибирское отделение  |b Институт горного дела  |c (Новосибирск)  |4 570  |9 25057 
801 0 |a RU  |b 63413507  |c 20250225 
830 |a Ретро2025Каталогизация Мотырева 
850 |a 63413507 
942 |c BK